书目信息 |
| 题名: |
遥感地质学
|
|
| 作者: | 陈华慧 , 李永颐 主编 | |
| 分册: | ||
| 出版信息: | 重庆 重庆大学出版社 1990.06 |
|
| 页数: | 229页 | |
| 开本: | 26cm | |
| 丛书名: | ||
| 单 册: | ||
| 中图分类: | P627 , P5 | |
| 科图分类: | ||
| 主题词: | 地质遥感 , 地质学 | |
| 电子资源: | ||
| ISBN: | 7-5624-0297-3 | |
| 000 | 00701nam0 2200265 45 | |
| 001 | 0184009925 | |
| 005 | 20040701111020.1 | |
| 010 | @a7-5624-0297-3@dCNY3.02 | |
| 100 | @a19950515d1990 emky0chiy0121 ea | |
| 101 | 0 | @achi |
| 102 | @aCN@b110000 | |
| 105 | @ay z 000yy | |
| 106 | @ar | |
| 200 | 10 | @a遥感地质学@Ayao gan di zhi xue@f李永颐等主编@FLi Yong Yi Deng Zhu Bian |
| 210 | @a重庆@c重庆大学出版社@d1990.06 | |
| 215 | @a229页@d26cm | |
| 606 | @a地质遥感 | |
| 606 | 0 | @a地质学 |
| 690 | @aP627@v3 | |
| 690 | @aP5@v3 | |
| 701 | 0 | @a陈华慧@Achen hua hui@4主编 |
| 701 | 0 | @a李永颐@4主编 |
| 801 | 0 | @aCN@b上海图书馆@c20040524 |
| 801 | 2 | @aCN@bNLC@c20040524 |
| 905 | @dP5@e49@f1@b224847 | |
| 遥感地质学/李永颐等主编.-重庆:重庆大学出版社,1990.06 |
| 229页;26cm |
| ISBN 7-5624-0297-3:CNY3.02 |
| ● |
| 相关链接 |
|
|
|
|
正题名:遥感地质学
索取号:P5/49
 
预约/预借
| 序号 | 登录号 | 条形码 | 馆藏地/架位号 | 状态 | 备注 |
| 1 | 0224846 | 000073280 | 第三借阅区/ [索取号:P5/49] | 在馆 | |
| 2 | 0224847 | 001945417 | 密集书库/ [索取号:P5/49] | 在馆 | |
| 3 | 0224848 | 000073271 | 第二样本阅览室/ [索取号:P5/49] | 在馆 |